La psicología evolutiva y el proceso de la educación
Պահպանված է:
| Հիմնական հեղինակ: | |
|---|---|
| Ձևաչափ: | Գիրք |
| Լեզու: | իսպաներեն |
| Հրապարակվել է: |
Buenos Aires
Troquel
1968
|
| Շարք: | Biblioteca de la Nueva Educación
|
| Խորագրեր: | |
| Ցուցիչներ: |
Ավելացրեք ցուցիչ
Չկան պիտակներ, Եղեք առաջինը, ով նշում է այս գրառումը!
|
MARC
| LEADER | 00000nam a2200000 a 4500 | ||
|---|---|---|---|
| 001 | UCW6875 | ||
| 003 | CL-VaPUC | ||
| 008 | 920616e19680000AG |||||||||||||||||spa|d | ||
| 082 | 0 | 4 | |a 370.15 |b MEY |2 21 |
| 100 | |a Meyer, William J. |e autor |9 550065 | ||
| 245 | 1 | 3 | |a La psicología evolutiva y el proceso de la educación |
| 300 | |a 142 p | ||
| 942 | |c BK | ||
| 945 | |d 19920616 00:00:00 | ||
| 260 | |a Buenos Aires |b Troquel |c 1968 | ||
| 650 | 0 | |a Psicología del aprendizaje |9 306854 | |
| 650 | 0 | |a Psicología evolutiva |9 271069 | |
| 583 | |a last modification |c 19920616 00:00:00 |k Rodrigo Vera | ||
| 490 | 0 | |a Biblioteca de la Nueva Educación | |
| 999 | |c 219786 |d 219784 | ||
| 952 | |0 0 |1 0 |4 0 |6 370_150000000000000_MEY_1968 |7 0 |8 P |9 211129 |a BIBEDU |b BIBEDU |c BIBEDU_PB |d 2019-11-15 |i 2793873 |o 370.15 MEY 1968 |p 2793873 |r 2024-01-25 |w 2019-11-15 |y BK |k EDU | ||
| 952 | |0 0 |1 0 |4 0 |6 370_150000000000000_MEY_1968 |7 0 |8 P |9 211130 |a BIBEDU |b BIBEDU |c BIBEDU_PB |d 2019-11-15 |i 2793881 |o 370.15 MEY 1968 |p 2793881 |r 2024-01-25 |w 2019-11-15 |y BK |k EDU | ||
| 952 | |0 0 |1 0 |4 0 |6 370_150000000000000_MEY_1968 |7 0 |8 P |9 211131 |a BIBEDU |b BIBEDU |c BIBEDU_PB |d 2019-11-15 |i 279389K |o 370.15 MEY 1968 |p 279389K |r 2024-01-25 |w 2019-11-15 |y BK |k EDU | ||
| 952 | |0 0 |1 0 |4 0 |6 370_150000000000000_MEY_1968 |7 0 |8 P |9 211132 |a BIBEDU |b BIBEDU |c BIBEDU_PB |d 2019-11-15 |i 2793903 |o 370.15 MEY 1968 |p 2793903 |r 2024-01-25 |w 2019-11-15 |y BK |k EDU | ||